|
|
|
|
| LEADER |
01110nam a2200301 a 4500 |
| 001 |
35391 |
| 003 |
BD-DhAAL |
| 005 |
20211206112536.0 |
| 008 |
200112t1999 maua b 001 0 eng d |
| 999 |
|
|
|c 42138
|d 42138
|
| 010 |
|
|
|a 98009403
|
| 020 |
|
|
|a 0205282563
|
| 040 |
|
|
|a DLC
|c DLC
|d DLC
|d BD-DhAAL
|
| 050 |
0 |
0 |
|a HQ782
|b .H84 1999
|
| 082 |
0 |
0 |
|a 305.231
|2 21
|
| 100 |
1 |
|
|a Hughes, Fergus P.
|9 38893
|
| 245 |
1 |
0 |
|a Children, play, and development /
|c Fergus P. Hughes.
|
| 250 |
|
|
|a Third edition.
|
| 260 |
|
|
|a Boston :
|b Allyn and Bacon,
|c c1999.
|
| 300 |
|
|
|a xii, 271 pages :
|b illustrations ;
|c 24 cm.
|
| 504 |
|
|
|a Includes bibliographical references (pages 237-262) and index.
|
| 526 |
|
|
|a BIED
|
| 541 |
|
|
|a Complimentary copy from BIED
|e 35391
|
| 650 |
|
0 |
|a Play.
|9 38894
|
| 650 |
|
0 |
|a Child development.
|9 38895
|
| 852 |
|
|
|a Ayesha Abed Library
|c BIED Collection
|
| 942 |
|
|
|2 ddc
|c BK
|
| 952 |
|
|
|0 0
|1 0
|2 ddc
|4 0
|6 305_231000000000000_HUG
|7 0
|9 67694
|a BRACUL
|b BRACUL
|c GEN
|d 2020-01-12
|e Complimentary copy from BIED
|l 0
|o 305.231 HUG
|p 3010035391
|r 2020-01-12
|t 1
|w 2020-01-12
|y BK
|x Transferred from BIED to General Stacks
|